| 000 | 00943nam a22002537a 4500 | ||
|---|---|---|---|
| 005 | 20170124102955.0 | ||
| 010 | _a945549 | ||
| 020 | _c10.00 | ||
| 035 | _a945549 | ||
| 037 | _bCen Lib/Ret | ||
| 040 |
_aDPL _bHN |
||
| 082 |
_aउ _bमधोक |
||
| 100 |
_aमधोक, बलराज _952831 |
||
| 245 |
_aअनुपमा / _cबलराज मधोक |
||
| 246 |
_aAnupama / _bby Balraaj Madhok |
||
| 260 |
_aनयी दिल्ली _bसरस्वती विहार _c1978 |
||
| 270 |
_bनयी दिल्ली _a21, दयानंद मार्ग, दरयागंज _e110002 |
||
| 300 |
_a120पृ. _c16सेमी(सजिल्द ) |
||
| 650 |
_aहिंदी साहित्य _x _z _952832 |
||
| 650 |
_aहिंदी उपन्यास _952833 |
||
| 650 |
_aHindi literature _v _952834 |
||
| 650 |
_aHindi novel _952835 |
||
| 942 |
_2ddc _cHN _hउ _mमधोक |
||
| 999 |
_c113567 _d113567 |
||